The Arbitration Act (Record no. 83065)
[ view plain ]
| 000 -LEADER | |
|---|---|
| fixed length control field | 01065cad a22002175a 4500 |
| 001 - CONTROL NUMBER | |
| control field | E152710 |
| 008 - FIXED-LENGTH DATA ELEMENTS--GENERAL INFORMATION | |
| fixed length control field | 110418e20100112xxk 000 0 eng d |
| 035 ## - SYSTEM CONTROL NUMBER | |
| System control number | (Sirsi) u152710 |
| 041 0# - LANGUAGE CODE | |
| Language code of text/sound track or separate title | eng |
| 100 1# - MAIN ENTRY--PERSONAL NAME | |
| Personal name | Shaw, Murray |
| 245 04 - TITLE STATEMENT | |
| Title | The Arbitration Act |
| Remainder of title | a new beginning in Scotland? |
| Medium | [electronic resource] |
| 260 ## - PUBLICATION, DISTRIBUTION, ETC. | |
| Date of publication, distribution, etc. | 2010 |
| 490 ## - SERIES STATEMENT | |
| Series statement | Biggart Baillie Ideas and Insights |
| Volume/sequential designation | 12 January 2010 |
| 520 ## - SUMMARY, ETC. | |
| Summary, etc. | Discusses the Arbitration (Scotland) Act 2010, and assesses whether it will encourage the use of arbitration in Scotland, and assist in the fulfillment of the Scottish Government's aim to make Scotland a centre for arbitration. |
| 590 ## - LOCAL NOTE (RLIN) | |
| Local note | KA |
| 650 24 - SUBJECT ADDED ENTRY--TOPICAL TERM | |
| Topical term or geographic name entry element | ARBITRATION (SCOTLAND) ACT 2010 |
| 651 #4 - SUBJECT ADDED ENTRY--GEOGRAPHIC NAME | |
| Geographic name | Scotland |
| Chronological subdivision | 1999- |
| 690 ## - LOCAL SUBJECT ADDED ENTRY--TOPICAL TERM (OCLC, RLIN) | |
| Topical term or geographic name as entry element | MANAGEMENT-DISPUTE AVOIDANCE, MANAGEMENT AND RESOLUTION-DISPUTE MANAGEMENT AND RESOLUTION |
| 856 40 - ELECTRONIC LOCATION AND ACCESS | |
| Uniform Resource Identifier | <a href="https://www.biggartbaillie.co.uk/ideas--insights/all-articles/planning--construction/the-arbitration-act---a-new-begining-in-scotland">https://www.biggartbaillie.co.uk/ideas--insights/all-articles/planning--construction/the-arbitration-act---a-new-begining-in-scotland</a> |
| Public note | View the article free of charge at www.biggartbaillie.co.uk |
| 942 ## - ADDED ENTRY ELEMENTS (KOHA) | |
| Suppress in OPAC | 0 |
| Withdrawn status | Lost status | Source of classification or shelving scheme | Damaged status | Not for loan | Home library | Current library | Shelving location | Date acquired | Total Checkouts | Full call number | Barcode | Date last seen | Copy number | Price effective from | Koha item type |
|---|---|---|---|---|---|---|---|---|---|---|---|---|---|---|---|
| Dewey Decimal Classification | Virtual | Virtual | Online | 18/04/2011 | ONLINE PUBLICATION | 152710-1001 | 06/08/2019 | 1 | 06/08/2019 | Journal article |